000 00289nam a22001337a 4500
008 170815b xxu||||| |||| 00| 0 eng d
020 _a9781936306503
041 _aeng
080 _a311
100 _a36
101 _aSTA
245 _aSTATISTICAL METHODS
_cSOBIN.CH
942 _2udc
_cBK
999 _c23502
_d23502